Statistiques concernant Pokémon 1G - 9G

Cliquez ici pour prendre le quiz!

Statistiques générales

  • Ce quiz a été pris 26 fois
  • Le résultat moyen est 492 sur 1025

Statistiques - réponses

NuméroType de quizDouble TypePokémon% Correct
0001PlantePoisonBulbizarre
94%
0006FeuVolDracaufeu
94%
0003PlantePoisonFlorizarre
94%
0002PlantePoisonHerbizarre
94%
0005Feu-Reptincel
94%
0004Feu-Salamèche
94%
0013InsectePoisonAspicot
88%
0008Eau-Carabaffe
88%
0007Eau-Carapuce
88%
0010Insecte-Chenipan
88%
0011Insecte-Chrysacier
88%
0025Électrik-Pikachu
88%
0026Électrik-Raichu
88%
0009Eau-Tortank
88%
0023Poison-Abo
81%
0024Poison-Arbok
81%
0059Feu-Arcanin
81%
0144GlaceVolArtikodin
81%
0058Feu-Caninos
81%
0094SpectrePoisonEctoplasma
81%
0125Électrik-Élektek
81%
0133Normal-Évoli
81%
0092SpectrePoisonFantominus
81%
0075RocheSolGravalanch
81%
0130EauVolLéviator
81%
0129Eau-Magicarpe
81%
0081ÉlectrikAcierMagnéti
81%
0082ÉlectrikAcierMagnéton
81%
0173Fée-Mélo
81%
0036Fée-Mélodelfe
81%
0095RocheSolOnix
81%
0012InsecteVolPapilusion
81%
0021NormalVolPiafabec
81%
0136Feu-Pyroli
81%
0074RocheSolRacaillou
81%
0018NormalVolRoucarnage
81%
0016NormalVolRoucool
81%
0017NormalVolRoucoups
81%
0093SpectrePoisonSpectrum
81%
0146FeuVolSulfura
81%
0072EauPoisonTentacool
81%
0073EauPoisonTentacruel
81%
0061Eau-Têtarte
81%
0135Électrik-Voltali
81%
0134Eau-Aquali
75%
0015InsectePoisonDardargnan
75%
0148Dragon-Draco
75%
0149DragonVolDracolosse
75%
0145ÉlectrikVolÉlecthor
75%
0038Feu-Feunard
75%
0037Feu-Goupix
75%
0076RocheSolGrolem
75%
0089Poison-Grotadmorv
75%
0123InsecteVolInsécateur
75%
0106Combat-Kicklee
75%
0113Normal-Leveinard
75%
0066Combat-Machoc
75%
0067Combat-Machopeur
75%
0068Combat-Mackogneur
75%
0126Feu-Magmar
75%
0035Fée-Mélofée
75%
0196Psy-Mentali
75%
0151Psy-Mew
75%
0150Psy-Mewtwo
75%
0052Normal-Miaouss
75%
0147Dragon-Minidraco
75%
0034PoisonSolNidoking
75%
0031PoisonSolNidoqueen
75%
0030Poison-Nidorina
75%
0033Poison-Nidorino
75%
0197Ténèbres-Noctali
75%
0042PoisonVolNosferalto
75%
0041PoisonVolNosferapti
75%
0053Normal-Persian
75%
0118Eau-Poissirène
75%
0119Eau-Poissoroy
75%
0507Normal-Ponchien
75%
0077Feu-Ponyta
75%
0060Eau-Ptitard
75%
0079EauPsyRamoloss
75%
0022NormalVolRapasdepic
75%
0019Normal-Rattata
75%
0020Normal-Rattatac
75%
0143Normal-Ronflex
75%
0120Eau-Stari
75%
0121EauPsyStaross
75%
0088Poison-Tadmorv
75%
0062EauCombatTartard
75%
0050Sol-Taupiqueur
75%
0961Eau-Triopikeau
75%
0107Combat-Tygnon
75%
0055Eau-Akwakwak
69%
0139RocheEauAmonistar
69%
0138RocheEauAmonita
69%
0070PlantePoisonBoustiflor
69%
0083NormalVolCanarticho
69%
0069PlantePoisonChétiflor
69%
0014InsectePoisonCoconfort
69%
0057Combat-Colossinge
69%
0491Ténèbres-Darkrai
69%
0521NormalVolDéflaisan
69%
0229TénèbresFeuDémolosse
69%
0483AcierDragonDialga
69%
0085NormalVolDodrio
69%
0084NormalVolDoduo
69%
0071PlantePoisonEmpiflor
69%
0244Feu-Entei
69%
0398NormalVolÉtouraptor
69%
0396NormalVolÉtourmi
69%
0397NormalVolÉtourvol
69%
0056Combat-Férosinge
69%
0078Feu-Galopa
69%
0152Plante-Germignon
69%
0258Eau-Gobou
69%
0277NormalVolHélédelle
69%
0250FeuVolHo-Oh
69%
0140RocheEauKabuto
69%
0141RocheEauKabutops
69%
0180Électrik-Lainergie
69%
0380DragonPsyLatias
69%
0381DragonPsyLatios
69%
0403Électrik-Lixy
69%
0131EauGlaceLokhlass
69%
0448CombatAcierLucario
69%
0249PsyVolLugia
69%
0404Électrik-Luxio
69%
0405Électrik-Luxray
69%
0044PlantePoisonOrtide
69%
0086Eau-Otaria
69%
0484EauDragonPalkia
69%
0181Électrik-Pharamp
69%
0470Plante-Phyllali
69%
0506Normal-Ponchiot
69%
0255Feu-Poussifeu
69%
0054Eau-Psykokwak
69%
0142RocheVolPtéra
69%
0243Électrik-Raikou
69%
0112SolRocheRhinoféros
69%
0208AcierSolSteelix
69%
0245Eau-Suicune
69%
0128Normal-Tauros
69%
0393Eau-Tiplouf
69%
0387Plante-Tortipouss
69%
0051Sol-Triopikeur
69%
0201Psy-Zarbi
69%
0644DragonÉlectrikZekrom
69%
0063Psy-Abra
63%
0065Psy-Alakazam
63%
0493Normal-Arceus
63%
0349Eau-Barpau
63%
0445DragonSolCarchacrok
63%
0400NormalEauCastorno
63%
0251PsyPlanteCelebi
63%
0265Insecte-Chenipotte
63%
0391FeuCombatChimpenfeu
63%
0634TénèbresDragonDiamat
63%
0101Électrik-Électrode
63%
0466Électrik-Élekable
63%
0511Plante-Feuillajou
63%
0080EauPsyFlagadoss
63%
0513Feu-Flamajou
63%
0514Feu-Flamoutan
63%
0515Eau-Flotajou
63%
0282PsyFéeGardevoir
63%
0471Glace-Givrali
63%
0040NormalFéeGrodoudou
63%
0383Sol-Groudon
63%
0498Feu-Gruikui
63%
0155Feu-Héricendre
63%
0158Eau-Kaiminus
63%
0399Normal-Keunotor
63%
0382Eau-Kyogre
63%
0646DragonGlaceKyurem
63%
0087EauGlaceLamantine
63%
0609SpectreFeuLugulabre
63%
0467Feu-Maganon
63%
0462ÉlectrikAcierMagnézone
63%
0228TénèbresFeuMalosse
63%
0261Ténèbres-Medhyèna
63%
0132Normal-Métamorph
63%
0435PoisonTénèbresMoufflair
63%
0434PoisonTénèbresMoufouette
63%
0043PlantePoisonMystherbe
63%
0029Poison-Nidoran♀
63%
0032Poison-Nidoran♂
63%
0276NormalVolNirondelle
63%
0103PlantePsyNoadkoko
63%
0102PlantePsyNoeunoeuf
63%
0169PoisonVolNostenfer
63%
0390Feu-Ouisticram
63%
0172Électrik-Pichu
63%
0395EauAcierPingoléon
63%
0384DragonVolRayquaza
63%
0643DragonFeuReshiram
63%
0447Combat-Riolu
63%
0039NormalFéeRondoudou
63%
0127Insecte-Scarabrute
63%
0492Plante(Vol)Shaymin
63%
0392FeuCombatSimiabraz
63%
0109Poison-Smogo
63%
0110Poison-Smogogo
63%
0633TénèbresDragonSolochi
63%
0096Psy-Soporifik
63%
0389Plante-Torterra
63%
0635TénèbresDragonTrioxhydre
63%
0157Feu-Typhlosion
63%
0100Électrik-Voltorbe
63%
0179Électrik-Wattouat
63%
0570Ténèbres-Zorua
63%
0359Ténèbres-Absol
56%
0049InsectePoisonAéromite
56%
0227AcierVolAirmure
56%
0160Eau-Aligatueur
56%
0416InsecteVolApireine
56%
0724PlanteSpectreArchéduc
56%
0437AcierPsyArchéodong
56%
0436AcierPsyArchéomire
56%
0252Plante-Arcko
56%
0194EauSolAxoloto
56%
0425SpectreVolBaudrive
56%
0534Combat-Bétochef
56%
0641Vol-Boréas
56%
0388Plante-Boskara
56%
0257FeuCombatBraségali
56%
0701CombatVolBrutalibré
56%
0715VolDragonBruyverne
56%
0444DragonSolCarmache
56%
0318EauTénèbresCarvanha
56%
0509Ténèbres-Chacripan
56%
0527PsyVolChovsourir
56%
0212InsecteAcierCizayox
56%
0503Eau-Clamiral
56%
0638AcierCombatCobaltium
56%
0198TénèbresVolCornèbre
56%
0453PoisonCombatCradopaud
56%
0091EauGlaceCrustabri
56%
0645SolVolDémétéros
56%
0719RocheFéeDiancie
56%
0232Sol-Donphan
56%
0373DragonVolDrattak
56%
0239Électrik-Élekid
56%
0108Normal-Excelangue
56%
0200Spectre-Feuforêve
56%
0512Plante-Feuiloutan
56%
0653Feu-Feunnec
56%
0670Fée-Floette
56%
0516Eau-Flotoutan
56%
0642ÉlectrikVolFulguris
56%
0475PsyCombatGallame
56%
0203NormalPsyGirafarig
56%
0487SpectreDragonGiratina
56%
0262Ténèbres-Grahyèna
56%
0273Plante-Grainipiot
56%
0443DragonSolGriknot
56%
0426SpectreVolGrodrive
56%
0499FeuCombatGrotichon
56%
0297Combat-Hariyama
56%
0485FeuAcierHeatran
56%
0720PsySpectre (Ténèbres)Hoopa
56%
0097Psy-Hypnomade
56%
0116Eau-Hypotrempe
56%
0385AcierPsyJirachi
56%
0254Plante-Jungko
56%
0064Psy-Kadabra
56%
0539Combat-Karaclée
56%
0352Normal-Kecleon
56%
0281PsyFéeKirlia
56%
1007CombatDragonKoraidon
56%
0099Eau-Krabboss
56%
0098Eau-Krabby
56%
0408Roche-Kranidos
56%
0260EauSolLaggron
56%
0427Normal-Laporeille
56%
0510Ténèbres-Léopardus
56%
0124GlacePsyLippoutou
56%
0792PsySpectreLunala
56%
0240Feu-Magby
56%
0497Plante-Majaspic
56%
0296Combat-Makuhita
56%
0307CombatPsyMéditikka
56%
0376AcierPsyMétalosse
56%
0350Eau-Milobellus
56%
1008ÉlectrikDragonMiraidon
56%
0122PsyFéeM. Mime
56%
0517Psy-Munna
56%
0418Eau-Mustébouée
56%
0419Eau-Mustéflott
56%
0700Fée-Nymphali
56%
0661Normal-Passerouge
56%
0231Sol-Phanpy
56%
0274PlanteTénèbresPifeuil
56%
0137Normal-Porygon
56%
0394Eau-Prinplouf
56%
0440Normal-Ptiravi
56%
0637InsecteFeuPyrax
56%
0636InsecteFeuPyronille
56%
0202Psy-Qulbutoké
56%
0045PlantePoisonRafflesia
56%
0378Glace-Regice
56%
0377Roche-Regirock
56%
0379Acier-Registeel
56%
0464SolRocheRhinastoc
56%
0111SolRocheRhinocorne
56%
0744Roche-Rocabot
56%
0199EauPsyRoigada
56%
0315PlantePoisonRosélia
56%
0407PlantePoisonRoserade
56%
0406PlantePoisonRozbouton
56%
0027Sol-Sabelette
56%
0028Sol-Sablaireau
56%
0114Plante-Saquedeneu
56%
0300Normal-Skitty
56%
0791PsyAcierSolgaleo
56%
0280PsyFéeTarsal
56%
0275PlanteTénèbresTengalice
56%
0757PoisonFeuTritox
56%
0707AcierFéeTrousselin
56%
0333NormalVolTylton
56%
0248RocheTénèbresTyranocif
56%
0217Normal-Ursaring
56%
0495Plante-Vipélierre
56%
0640PlanteCombatViridium
56%
0585NormalPlanteVivaldaim
56%
0469InsecteVolYanmega
56%
0717TénèbreVolYveltal
56%
0522Électrik-Zébibron
56%
0523Électrik-Zéblitz
56%
0571Ténèbres-Zoroark
56%
0718DragonSolZygarde
56%
0334DragonVolAltaria
50%
0698RocheGlaceAmagara
50%
0658EauTénèbresAmphinobi
50%
0602Électrik-Anchwatt
50%
0415InsecteVolApitrini
50%
0283InsecteEauArakdo
50%
0266Insecte-Armulys
50%
0458EauVolBabimanta
50%
0340EauSolBarbicha
50%
0411RocheAcierBastiodon
50%
0268Insecte-Blindalys
50%
0354Spectre-Branette
50%
0722PlanteVolBrindibou
50%
0295Normal-Brouhabam
50%
0672Plante-Cabriolaine
50%
0331Plante-Cacnea
50%
0323FeuSolCamérupt
50%
0190Normal-Capumain
50%
0420Plante-Ceribou
50%
0432Normal-Chaffreux
50%
0431Normal-Chaglam
50%
0409Roche-Charkos
50%
0308CombatPsyCharmina
50%
0324Feu-Chartor
50%
0673Plante-Chevroum
50%
0909Feu-Chochodile
50%
0293Normal-Chuchmur
50%
0454PoisonCombatCoatox
50%
0520NormalVolColombeau
50%
0430TénèbresVolCorboss
50%
0580EauVolCouaneton
50%
0610Dragon-Coupenotte
50%
0482Psy-Créfadet
50%
0481Psy-Créfollet
50%
0480Psy-Créhelf
50%
0488Psy-Cresselia
50%
0401Insecte-Crikzik
50%
0553SolTénèbresCrocorible
50%
0159Eau-Crocrodil
50%
0554Feu-Darumarond
50%
0702ÉlectrikFéeDedenne
50%
0301Normal-Delcatty
50%
0226EauVolDémanta
50%
0386Psy-Deoxys
50%
0371Dragon-Draby
50%
0699RocheGlaceDragmara
50%
0621Dragon-Drakkarmin
50%
0309Électrik-Dynavolt
50%
0341Eau-Écrapince
50%
0246RocheSolEmbrylex
50%
0681AcierSpectreExagide
50%
0215TénèbresGlaceFarfuret
50%
0156Feu-Feurisson
50%
0669Fée-Flabébé
50%
0725Feu-Flamiaou
50%
0911FeuSpectreFlâmigator
50%
0671Fée-Florges
50%
0205InsecteAcierForetress
50%
0626Normal-Frison
50%
0304AcierRocheGalekid
50%
0306AcierRocheGaleking
50%
0525Roche-Géolithe
50%
0526Roche-Gigalithe
50%
0446Normal-Goinfrex
50%
0656Eau-Grenousse
50%
0597PlanteAcierGrindur
50%
0628NormalVolGueriaigle
50%
0667FeuNormalHélionceau
50%
0163NormalVolHoothoot
50%
0117Eau-Hypocéan
50%
0538Combat-Judokrak
50%
0365GlaceEauKaimorse
50%
0115Normal-Kangourex
50%
0237Combat-Kapoera
50%
0540InsectePlanteLarveyette
50%
0605Psy-Lewsor
50%
0345RochePlanteLilia
50%
0218Feu-Limagma
50%
0618SolÉlectrikLimonde
50%
0745Roche-Lougaroc
50%
0473GlaceSolMammochon
50%
0195EauSolMaraiste
50%
0220GlaceSolMarcacrin
50%
0253Plante-Massko
50%
0508Normal-Mastouffe
50%
0502Eau-Mateloutre
50%
0809Acier-Melmetal
50%
0375AcierPsyMétang
50%
0908PlanteTénèbresMiascarade
50%
0168InsectePoisonMigalos
50%
0167InsectePoisonMimigal
50%
0778SpectreFéeMimiqui
50%
0048InsectePoisonMimitoss
50%
0479ÉlectrikSpectreMotisma
50%
0501Eau-Moustillon
50%
0704Dragon-Mucuscule
50%
0518Psy-Mushana
50%
0303AcierFéeMysdibule
50%
0531Normal-Nanméouïe
50%
0177PsyVolNatu
50%
0668FeuNormalNémélios
50%
0524Roche-Nodulithe
50%
0577Psy-Nucléos
50%
0363GlaceEauObalie
50%
0362Glace-Oniglali
50%
0730EauFéeOratoria
50%
0728Eau-Otaquin
50%
0417Électrik-Pachirisu
50%
0914EauCombatPalmaval
50%
0674Combat-Pandespiègle
50%
0046InsectePlanteParas
50%
0047InsectePlanteParasect
50%
0364GlaceEauPhogleur
50%
0519NormalVolPoichigeon
50%
0614Glace-Polagriffe
50%
0666InsecteVolPrismillon
50%
0696RocheDragonPtyranidur
50%
0504Normal-Ratentif
50%
0486Normal-Regigigas
50%
0697RocheDragonRexillius
50%
0500FeuCombatRoitiflam
50%
0624TénèbresAcierScalpion
50%
0207SolVolScorplane
50%
0472SolVolScorvol
50%
0574Psy-Scrutella
50%
0336Poison-Séviper
50%
0319EauTénèbresSharpedo
50%
0185Roche-Simularbre
50%
0355Spectre-Skelénox
50%
0338RochePsySolaroc
50%
0442SpectreTénèbresSpiritomb
50%
0361Glace-Stalgamin
50%
0595InsecteÉlectrikStatitik
50%
0216Normal-Teddiursa
50%
0356Spectre-Téraclope
50%
0612Dragon-Tranchodon
50%
0535Eau-Tritonde
50%
0630TénèbresVolVaututrice
50%
0494PsyFeuVictini
50%
0455Plante-Vortente
50%
0629TénèbresVolVostourno
50%
0178PsyVolXatu
50%
0716Fée-Xerneas
50%
0193InsecteVolYanma
50%
0888Fée(Acier)Zacian
50%
0889Combat(Acier)Zamazenta
50%
0348RocheInsecteArmaldo
44%
0317Poison-Avaltout
44%
0184EauFéeAzumarill
44%
0769SpectreSolBacabouh
44%
0560TénèbresCombatBaggaïd
44%
0559TénèbresCombatBaggiguane
44%
0285Plante-Balignon
44%
0339EauSolBarloche
44%
0536EauSolBatracné
44%
0782Dragon-Bébécaille
44%
0279EauVolBekipan
44%
0652PlanteCombatBlindépique
44%
0460PlanteGlaceBlizzaroi
44%
0459PlanteGlaceBlizzi
44%
0742InsecteFéeBombydou
44%
0465Plante-Bouldeneu
44%
0662Feu-Braisillon
44%
0708SpectrePlanteBrocélôme
44%
0545InsectePoisonBrutapode
44%
0332PlanteTénèbresCacturne
44%
0225GlaceVolCadoizo
44%
0213InsecteRocheCaratroc
44%
0234Normal-Cerfrousse
44%
0421Plante-Ceriflor
44%
0322FeuSolChamallot
44%
0286PlanteCombatChapignon
44%
0267InsecteVolCharmillon
44%
0532Combat-Charpenti
44%
0412Insecte-Cheniti
44%
0572Normal-Chinchidou
44%
0548Plante-Chlorobule
44%
0600Acier-Clic
44%
0601Acier-Cliticlic
44%
0221GlaceSolCochignon
44%
0683Fée-Cocotine
44%
0342EauTénèbresColhomard
44%
0189PlanteVolCotovol
44%
0676Normal-Couafarel
44%
0463Normal-Coudlangue
44%
0541InsectePlanteCouverdure
44%
0165InsecteVolCoxy
44%
0166InsecteVolCoxyclaque
44%
0739Combat-Crabagarre
44%
0558InsecteRocheCrabaraque
44%
0537EauSolCrapustule
44%
0657Eau-Crôaporal
44%
0761Plante-Croquine
44%
0561PsyVolCryptéro
44%
0555Feu(Psy)Darumacho
44%
0236Combat-Debugant
44%
0709SpectrePlanteDesséliande
44%
0461TénèbresGlaceDimoret
44%
0410RocheAcierDinoclier
44%
0546PlanteFéeDoudouvet
44%
0372Dragon-Drackhaus
44%
0780NormalDragonDraïeul
44%
0783DragonCombatÉcaïd
44%
0241Normal-Écrémeuh
44%
0723PlanteVolEfflèche
44%
0310Électrik-Élecsprint
44%
0616Insecte-Escargaume
44%
0552SolTénèbresEscroco
44%
0727FeuTénèbresFélinferno
44%
0663Feu-Flambusard
44%
0692Eau-Flingouste
44%
0259EauSolFlobio
44%
0188PlanteVolFloravol
44%
0682Fée-Fluvetin
44%
0607SpectreFeuFunécire
44%
0627NormalVolFuraiglon
44%
0305AcierRocheGalegon
44%
0256FeuCombatGalifeu
44%
0694ÉlectrikNormalGalvaran
44%
0693Eau-Gamblast
44%
0591PlantePoisonGaulet
44%
0649InsecteAcierGenesect
44%
0316Poison-Gloupti
44%
0689RocheEauGolgopathe
44%
0655FeuPsyGoupelin
44%
0210Fée-Granbull
44%
0187PlanteVolGranivol
44%
0622SolSpectreGringolem
44%
0586NormalPlanteHaydaim
44%
0615Glace-Hexagel
44%
0449Sol-Hippopotas
44%
0991GlaceEauHotte-de-Fer
44%
0230EauDragonHyporoi
44%
0695ÉlectrikNormalIguolta
44%
0611Dragon-Incisache
44%
0182Plante-Joliflor
44%
0647EauCombatKeldeo
44%
0090Eau-Kokiyas
44%
0328Sol-Kraknoix
44%
0691PoisonDragonKravarech
44%
0619Combat-Kungfouine
44%
0581EauVolLakmécygne
44%
0603Électrik-Lampéroie
44%
0589InsecteAcierLançargot
44%
0736InsecteÉlectrikLarvibule
44%
0664Insecte-Lépidonille
44%
0242Normal-Leuphorie
44%
0496Plante-Lianaja
44%
0330SolDragonLibégon
44%
0264Normal-Linéon
44%
0238GlacePsyLippouti
44%
0428Normal-Lockpin
44%
0170EauÉlectrikLoupio
44%
0370Eau-Lovdisc
44%
0738InsecteÉlectrikLucanon
44%
0272EauPlanteLudicolo
44%
0314Insecte-Lumivole
44%
0153Plante-Macronium
44%
0429Spectre-Magirêve
44%
0758PoisonFeuMalamandre
44%
0594Eau-Mamanbo
44%
0490Eau-Manaphy
44%
0734Normal-Manglouton
44%
0542InsectePlanteManternel
44%
0183EauFéeMarill
44%
0650Plante-Marisson
44%
0551SolTénèbresMascaïman
44%
0284InsecteVolMaskadra
44%
0907Plante-Matourgeon
44%
0154Plante-Méganium
44%
0578Psy-Méios
44%
0648NormalPsy (Combat)Meloetta
44%
0402Insecte-Mélokrik
44%
0575Psy-Mesmérella
44%
0568Poison-Miamiasme
44%
0569Poison-Miasmax
44%
0753Plante-Mimantis
44%
0439PsyFéeMime Jr.
44%
0505Normal-Miradar
44%
0289Normal-Monaflèmit
44%
0679AcierSpectreMonorpale
44%
0351Normal-Morphéo
44%
0832Normal-Moumouflon
44%
0831Normal-Moumouton
44%
0292InsecteSpectreMunja
44%
0596InsecteÉlectrikMygavolt
44%
0800Psy-Necrozma
44%
0270EauPlanteNénupiot
44%
0598PlanteAcierNoacier
44%
0164NormalVolNoarfang
44%
0477Spectre-Noctunoir
44%
0604Électrik-Ohmassacre
44%
0360Psy-Okéoké
44%
0105Sol-Ossatueur
44%
0104Sol-Osselait
44%
0533Combat-Ouvrifier
44%
0675CombatTénèbresPandarbare
44%
0269InsectePoisonPapinox
44%
0287Normal-Parecool
44%
0573Normal-Pashmilla
44%
0489Eau-Phione
44%
0731NormalVolPicassaut
44%
0613Glace-Polarhume
44%
0353Spectre-Polichombr
44%
0204Insecte-Pomdepik
44%
0233Normal-Porygon2
44%
0474Normal-Porygon-Z
44%
0906Plante-Poussacha
44%
0815Feu-Pyrobut
44%
0766Combat-Quartermac
44%
0211EauPoisonQwilfish
44%
0294Normal-Ramboum
44%
0369EauRocheRelicanth
44%
0528PsyVolRhinolove
44%
0529Sol-Rototaupe
44%
0659Normal-Sapereau
44%
0768InsecteEauSarmuraï
44%
0625TénèbresAcierScalproie
44%
0214InsecteCombatScarhino
44%
0544InsectePoisonScobolide
44%
0337RochePsySéléroc
44%
0686TénèbresPsySepiatop
44%
0687TénèbresPsySepiatroce
44%
0367Eau-Serpang
44%
0620Combat-Shaofouine
44%
0576Psy-Sidérella
44%
0209Fée-Snubbull
44%
0582Glace-Sorbébé
44%
0584Glace-Sorbouboul
44%
0583Glace-Sorboul
44%
0767InsecteEauSovkipou
44%
0703RocheFéeStrassie
44%
0763Plante-Sucreine
44%
0684Fée-Sucroquin
44%
0579Psy-Symbios
44%
0752EauInsecteTarenbulle
44%
0299Roche-Tarinor
44%
0476RocheAcierTarinorme
44%
0302TénèbresSpectreTénéfix
44%
0374AcierPsyTerhal
44%
0639RocheCombatTerrakium
44%
0599Acier-Tic
44%
0175Fée-Togepi
44%
0176FéeVolTogetic
44%
0788EauFéeTokopisco
44%
0787PlanteFéeTokotoro
44%
0174NormalFéeToudoudou
44%
0590PlantePoisonTrompignon
44%
0562Spectre-Tutafeh
44%
0563Spectre-Tutankafer
44%
0901SolNormalUrsaking
44%
0346RochePlanteVacilys
44%
0803Poison-Vémini
44%
0543InsectePoisonVenipatte
44%
0329SolDragonVibraninf
44%
0592EauSpectreViskuse
44%
0721FeuEauVolcanion
44%
0219FeuRocheVolcaropod
44%
0965AcierPoisonVrombi
44%
0320Eau-Wailmer
44%
0321Eau-Wailord
44%
0247RocheSolYmphect
44%
0263Normal-Zigzaton
44%
0567RocheVolAéroptéryx
38%
0631Feu-Aflamanoir
38%
0805RocheAcierAma-Ama
38%
0347RocheInsecteAnorith
38%
0751EauInsecteAraqua
38%
0735Normal-Argouste
38%
0566RocheVolArkéapti
38%
0817Eau-Arrozard
38%
0298NormalFéeAzurill
38%
0343SolPsyBalbuto
38%
0797AcierVolBamboiselle
38%
0550Eau-Bargantua
38%
0733NormalVolBazoucan
38%
0822Vol-Bleuseille
38%
0896Glace-Blizzeval
38%
0651Plante-Boguérisse
38%
0776FeuDragonBoumata
38%
0750Sol-Bourrinos
38%
0913Eau-Canarbello
38%
0795InsecteCombatCancrelove
38%
0762Plante-Candine
38%
0424Normal-Capidextre
38%
0588Insecte-Carabing
38%
0564EauRocheCarapagos
38%
0899NormalPsyCerbyllin
38%
0935Feu-Charbambin
38%
0413InsectePlante (Sol / Acier)Cheniselle
38%
0737InsecteÉlectrikChrysapile
38%
0912Eau-Coiffeton
38%
0705Dragon-Colimucus
38%
0366Eau-Coquiperl
38%
0222EauRocheCorayon
38%
0823VolAcierCorvaillus
38%
0789Psy-Cosmog
38%
0790Psy-Cosmovum
38%
0557InsecteRocheCrabicoque
38%
0740CombatGlaceCrabominable
38%
0685Fée-Cupcanaille
38%
0779EauPsyDenticrisse
38%
0680AcierSpectreDimoclès
38%
0775Normal-Dodoala
38%
0452PoisonTénèbresDrascore
38%
0456Eau-Écayon
38%
0784DragonCombatÉkaïser
38%
0587ÉlectrikVolEmolga
38%
0799TénèbresDragonEngloutyran
38%
0358Psy-Éoko
38%
0890PoisonDragonÉthernatos
38%
0660NormalSolExcavarenne
38%
0547PlanteFéeFarfaduvet
38%
0632InsecteAcierFermite
38%
0162Normal-Fouinar
38%
0161Normal-Fouinette
38%
0549Plante-Fragilady
38%
0916Normal-Fragroin
38%
0746Eau-Froussardine
38%
1006FéeCombatGarde-de-Fer
38%
0278EauVolGoélise
38%
0623SolSpectreGolemastoc
38%
0812Plante-Gorythmic
38%
0915Normal-Gourmelet
38%
0765NormalPsyGouroutan
38%
0712Glace-Grelaçon
38%
1000SpectreAcierGromago
38%
0326Psy-Groret
38%
0764Fée-Guérilande
38%
0900InsecteRocheHachécateur
38%
0192Plante-Héliatronc
38%
0870Combat-Hexadron
38%
0450Sol-Hippodocus
38%
0206Normal-Insolourdo
38%
0862TénèbresNormalIxon
38%
0344SolPsyKaorine
38%
0798PlanteAcierKatagami
38%
0756PlanteFéeLampignon
38%
0171EauÉlectrikLanturn
38%
0816Eau-Larméléon
38%
0824Insecte-Larvadar
38%
0818Eau-Lézargus
38%
0617Insecte-Limaspeed
38%
0271EauPlanteLombre
38%
0457Eau-Luminéon
38%
0801AcierFéeMagearna
38%
0937FeuSpectreMalvalame
38%
0335Normal-Mangriff
38%
0556Plante-Maracachi
38%
0802CombatSpectreMarshadow
38%
0726Feu-Matoufeu
38%
0565EauRocheMégapagos
38%
0608SpectreFeuMélancolux
38%
0808Acier-Meltan
38%
0821Vol-Minisange
38%
0530SolAcierMinotaupe
38%
0678Psy-Mistigrix
38%
0994FeuPoisonMite-de-Fer
38%
0478GlaceSpectreMomartik
38%
0999Spectre-Mordudor
38%
0967DragonNormalMotorizard
38%
0794InsecteCombatMouscoto
38%
0593EauSpectreMoyade
38%
0313Insecte-Muciole
38%
0706Dragon-Muplodocus
38%
0312Électrik-Négapi
38%
0606Psy-Neitram
38%
0290InsecteSolNingale
38%
0291InsecteVolNinjask
38%
0224Eau-Octillery
38%
0688RocheEauOpermine
38%
0729Eau-Otarlette
38%
0810Plante-Ouistempo
38%
0414InsecteVolPapilord
38%
0992CombatÉlectrikPaume-de-Fer
38%
0665Insecte-Pérégrain
38%
0732NormalVolPiclairon
38%
0441NormalVolPijako
38%
0741Feu (Électrik,
Fée, Spectre)
VolPlumeline
38%
0921Électrik-Pohm
38%
0923ÉlectrikCombatPohmarmotte
38%
0922ÉlectrikCombatPohmotte
38%
0841PlanteDragonPomdrapi
38%
0311Électrik-Posipi
38%
0677Psy-Psystigri
38%
0235Normal-Queulorior
38%
0451PoisonInsecteRapion
38%
0895Dragon-Regidrago
38%
0894Électrik-Regieleki
38%
0368Eau-Rosabyss
38%
0654Feu-Roussil
38%
0743InsecteFéeRubombelle
38%
1005DragonTénèbresRugit-Lune
38%
0849ÉlectrikPoisonSalarsen
38%
0713Glace-Séracrawl
38%
0892CombatTénèbres (Eau)Shifours
38%
0773Normal-Silvallié
38%
0781SpectrePlanteSinistrail
38%
0714VolDragonSonistrelle
38%
0897Spectre-Spectreval
38%
0327Normal-Spinda
38%
0755PlanteFéeSpododo
38%
0325Psy-Spoink
38%
0898PsyPlante (Glace, Spectre)Sylveroy
38%
0186Eau-Tarpaud
38%
0960Eau-Taupikeau
38%
0749Sol-Tiboudet
38%
0777ÉlectrikAcierTogedemaru
38%
0468FéeVolTogekiss
38%
0786PsyFéeTokopiyon
38%
0785ÉlectrikFéeTokorico
38%
0834EauRocheTorgamord
38%
0971Spectre-Toutombe
38%
0848ÉlectrikPoisonToxizap
38%
0770SpectreSolTrépassable
38%
0357PlanteVolTropius
38%
0772Normal-Type:0
38%
0690PoisonEauVenalgue
38%
0840PlanteDragonVerpom
38%
0288Normal-Vigoroth
38%
0747PoisonEauVorastérie
38%
0966AcierPoisonVrombotor
38%
0891Combat-Wushours
38%
0807Électrik-Zeraora
38%
0793RochePoisonZéroïd
38%
0930PlanteNormalArboliva
31%
0826InsectePsyAstronelle
31%
0811Plante-Badabouin
31%
0711SpectrePlanteBanshitrouye
31%
1002TénèbresGlaceBaojian
31%
0873GlaceInsecteBeldeneige
31%
0830Plante-Blancoton
31%
0796Électrik-Câblifère
31%
0936FeuPsyCarmadura
31%
0837Roche-Charbi
31%
0760NormalCombatChelours
31%
0825InsectePsyColéodôme
31%
0924Normal-Compagnol
31%
0864Spectre-Corayôme
31%
0979CombatSpectreCourrousinge
31%
0910Feu-Crocogril
31%
0886DragonSpectreDispareptil
31%
0874Roche-Dolman
31%
0842PlanteDragonDratatin
31%
0995RocheÉlectrikÉpine-de-Fer
31%
0925Normal-Famignol
31%
0903CombatPoisonFarfurex
31%
0981NormalPsyFarigiraf
31%
1020FeuDragonFeu-Perçan
31%
0813Feu-Flambino
31%
0754Plante-Floramantis
31%
0970RochePoisonFloréclat
31%
0987SpectreFéeFlotte-Mèche
31%
0986PlanteTénèbresFongus-Furie
31%
0984SolCombatFort-Ivoire
31%
0836Électrik-Fulgudog
31%
0941ÉlectrikVolFulgulairo
31%
0920InsecteTénèbresGambex
31%
0969RochePoisonGerméclat
31%
0827Ténèbres-Goupilou
31%
0944PoisonNormalGribouraigne
31%
0942Ténèbres-Grondogue
31%
0833Eau-Khélocrok
31%
0433Psy-Korillon
31%
0887DragonSpectreLanssorien
31%
0814Feu-Lapyro
31%
0919Insecte-Lilliterelle
31%
0804PoisonDragonMandrillon
31%
0438Roche-Manzaï
31%
0774RocheVolMéténo
31%
0866GlacePsyM. Glaquette
31%
0839RocheFeuMonthracite
31%
0845VolEauNigosier
31%
0759NormalCombatNounourson
31%
1017Plante(Eau / Feu / Roche)Ogerpon
31%
0929PlanteNormalOlivado
31%
0928PlanteNormalOlivini
31%
0865Combat-Palarticho
31%
0989ÉlectrikSolPelage-Sablé
31%
0806FeuSpectrePierroteknik
31%
0710SpectrePlantePitrouille
31%
0748PoisonEauPrédastérie
31%
0904TénèbresPoisonQwilpik
31%
0223Eau-Rémoraid
31%
0819Normal-Rongourmand
31%
0820Normal-Rongrigou
31%
0828Ténèbres-Roublenard
31%
0422Eau-Sancoki
31%
1009EauDragonSerpente-Eau
31%
0945PoisonNormalTag-Tag
31%
0980PoisonSolTerraiste
31%
0993TénèbresVolTêtes-de-Fer
31%
0917Insecte-Tissenboule
31%
0191Plante-Tournegrin
31%
0829Plante-Tournicoton
31%
0423EauSolTritosor
31%
0867SolSpectreTutétékri
31%
1010PlantePsyVert-de-Fer
31%
0835Électrik-Voltoutou
31%
0838RocheFeuWagomine
31%
0893TénèbresPlanteZarude
31%
0933Roche-Amassel
25%
0861TénèbresFéeAngoliath
25%
0975Glace-Balbalèze
25%
0875Glace-Bekaglaçon
25%
0863Acier-Berserkatt
25%
0856Psy-Bibichut
25%
0927Fée-Briochien
25%
0857Psy-Chapotus
25%
0878Acier-Charibari
25%
0869Fée-Charmilly
25%
1023AcierPsyChef-de-Fer
25%
1001TénèbresPlanteChongjian
25%
0956Psy-Cléopsytra
25%
0868Fée-Crèmy
25%
0997DragonAcierCryodo
25%
0982Normal-Deusolourdo
25%
1003TénèbresSolDinglu
25%
0943Ténèbres-Dogrino
25%
0844Sol-Dunaconda
25%
0843Sol-Dunaja
25%
0884AcierDragonDuralugon
25%
0846Eau-Embrochet
25%
0885DragonSpectreFantyrm
25%
1016PoisonFéeFavianos
25%
1014PoisonCombatFélicanis
25%
0918Insecte-Filentrappe
25%
0973VolCombatFlamenroule
25%
0955Psy-Flotillon
25%
0959FéeAcierForgelina
25%
0957FéeAcierForgerette
25%
0860TénèbresFéeFourbelin
25%
0996DragonAcierFrigodo
25%
0881ÉlectrikGlaceGalvagla
25%
0880ÉlectrikDragonGalvagon
25%
0934Roche-Gigansel
25%
0850FeuInsecteGrillepattes
25%
0859TénèbresFéeGrimalin
25%
0847Eau-Hastacuda
25%
0985FéePsyHurle-Queue
25%
0883EauGlaceHydragla
25%
0882EauDragonHydragon
25%
1021ÉlectrikDragonIre-Foudre
25%
0853Combat-Krakos
25%
0877ÉlectrikTénèbresMorpeko
25%
0879Acier-Pachyradjah
25%
0902EauSpectreParagruel
25%
0926Fée-Pâtachiot
25%
1025PoisonSpectrePêchaminus
25%
0974Glace-Piétacé
25%
0855Spectre-Polthégeist
25%
1019PlanteDragonPomdorochi
25%
1011PlanteDragonPomdramour
25%
0852Combat-Poulpaf
25%
0988InsecteCombatRampes-Ailes
25%
1022RochePsyRoc-de-Fer
25%
0990SolAcierRoue-de-Fer
25%
0983TénèbresAcierScalpereur
25%
0851FeuInsecteScolocendre
25%
0932Roche-Selutin
25%
0858PsyFéeSorcilence
25%
0931NormalVolTapatoès
25%
1024Normal-Terapagos
25%
0948SolPlanteTerracool
25%
0949SolPlanteTerracruel
25%
0938Électrik-Têtampoule
25%
0854Spectre-Théffroi
25%
0972Spectre-Tomberro
25%
0876PsyNormalWimessir
25%
1004TénèbresFeuYuyu
25%
0940ÉlectrikVolZapétrel
25%
0905FéeVolAmovénus
19%
0939Électrik-Ampibidou
19%
0954InsectePsyBérasca
19%
0771Eau-Concombaffe
19%
0950Roche-Craparoi
19%
0976EauPsyDélestin
19%
0963Eau-Dofin
19%
0968Acier-Ferdeter
19%
0958FéeAcierForgella
19%
1015PoisonPsyFortusimia
19%
0872GlaceInsecteFrissonille
19%
0998DragonAcierGlaivodo
19%
0953Insecte-Léboulérou
19%
0962VolTénèbresLestombaile
19%
0978DragonEauNigirigon
19%
0977Eau-Oyacata
19%
0951Plante-Pimito
19%
1012PlanteSpectrePoltchageist
19%
1018AcierDragonPondralugon
19%
0952PlanteFeuScovilain
19%
0964Eau-Superdofin
19%
1013PlanteSpectreThéffroyable
19%
0947PlanteSpectreVirevorreur
19%
0946PlanteSpectreVirovent
19%
0871Électrik-Wattapik
19%

Distribution des résultats

Percentile par nombre de réponses

% des personnes avec chaque résultat

Votre développement - résultats

Vous n’avez pas pris ce quiz